[Event "Open Est 2013-2014"]
[Site "Salle Lakanal Aubagne"]
[Date "2014.04.12"]
[Round "8.7"]
[White "Derige Kane, Yan"]
[Black "Brongers, Claudine"]
[Result "1-0"]
[WhiteElo "1644"]
[BlackElo "1210"]
[PlyCount "61"]
[EventDate "2014.??.??"]

1. d4 d5 2. c4 e6 3. Nc3 Nf6 4. cxd5 Nxd5 5. e4 Nxc3 6. bxc3 Be7 7. Nf3 Nd7 8.
Bd3 O-O 9. O-O c5 10. Be3 b6 11. Nd2 f5 12. exf5 e5 13. Be4 Rb8 14. dxe5 Nxe5
15. Bf4 Bf6 16. Qb3+ Kh8 17. Nc4 Ba6 18. Nxe5 Bxe5 19. Bxe5 Rc8 20. Rfe1 Qe7
21. Bg3 c4 22. Qc2 Rce8 23. f3 Qc5+ 24. Bf2 Qc7 25. Rad1 Bb7 26. Bxb7 Qxb7 27.
Qa4 Rxe1+ 28. Rxe1 Qc7 29. Re8 Rg8 30. Rxg8+ Kxg8 31. Qe8# 1-0

[Event "Open Est 2013-2014"]
[Site "Salle Lakanal Aubagne"]
[Date "2014.04.12"]
[Round "8.8"]
[White "Cocordano, Claire"]
[Black "Benezra, David"]
[Result "1-0"]
[WhiteElo "1533"]
[BlackElo "1400"]
[PlyCount "84"]
[EventDate "2014.??.??"]

1. e4 c5 2. Nf3 e6 3. c3 d5 4. exd5 Qxd5 5. d4 Nf6 6. c4 Qd8 7. h3 Nc6 8. Be3
Qa5+ 9. Qd2 Qb6 10. Nc3 cxd4 11. Nxd4 Qc7 12. Nxc6 Qxc6 13. c5 a6 14. b4 Be7
15. b5 Qc7 16. Bd3 Bxc5 17. Bxc5 Qxc5 18. O-O O-O 19. bxa6 bxa6 20. Ne4 Nxe4
21. Bxe4 Rb8 22. Rac1 Qe7 23. Qc2 Bd7 24. Bxh7+ Kh8 25. Bd3 a5 26. Qe2 g6 27.
Qe5+ Kg8 28. Qxa5 Rb2 29. Rb1 Rfb8 30. Rxb2 Rxb2 31. Rb1 Qf6 32. Rxb2 Qxb2 33.
Qd8+ Kg7 34. Qxd7 Qc1+ 35. Bf1 Qa1 36. a4 e5 37. Qb5 e4 38. Qc4 f5 39. g3 Kh6
40. h4 Qe1 41. Qe2 Qa5 42. Qe3+ Kh5 1-0

[Event "Open Est 2013-2014"]
[Site "Salle Lakanal Aubagne"]
[Date "2014.04.12"]
[Round "8.9"]
[White "Gamblin, Thibaut"]
[Black "Roche, Alain"]
[Result "1/2-1/2"]
[WhiteElo "1495"]
[BlackElo "1452"]
[PlyCount "100"]
[EventDate "2014.??.??"]

1. d4 d5 2. Nf3 Nf6 3. Bf4 e6 4. c4 Be7 5. Nc3 O-O 6. e3 h6 7. Bd3 a6 8. O-O c6
9. c5 Nbd7 10. b4 b6 11. Ne5 Nxe5 12. Bxe5 bxc5 13. bxc5 Ne8 14. Rb1 Bf6 15.
Bf4 Bg5 16. Be5 f6 17. Bg3 f5 18. Qa4 Bd7 19. Bxa6 f4 20. exf4 Bxf4 21. Rb6
Bxg3 22. fxg3 Rxf1+ 23. Kxf1 Qf6+ 24. Ke1 Qg5 25. Qc2 Nf6 26. Qd2 Qg6 27. Qf4
Rf8 28. Rb8 Be8 29. Bd3 Ne4 30. Qe3 Qf5 31. Nxe4 dxe4 32. Bc4 Qf6 33. Rb2 Bg6
34. Rf2 Qe7 35. Rxf8+ Kxf8 36. Qf4+ Kg8 37. Qb8+ Kh7 38. Qc8 Qg5 39. Qxe6 Qc1+
40. Ke2 Qc2+ 41. Ke3 Qc1+ 42. Ke2 Bh5+ 43. g4 Bxg4+ 44. Qxg4 Qxc4+ 45. Ke3 Qc3+
46. Kf4 g5+ 47. Ke5 e3 48. Qd7+ Kg8 49. Qe8+ Kg7 50. Qe7+ Kg8 1/2-1/2

[Event "Open Est 2013-2014"]
[Site "Salle Lakanal Aubagne"]
[Date "2014.04.12"]
[Round "8.10"]
[White "Batalov, Azat"]
[Black "Vicari-Vento, Salvatore"]
[Result "1-0"]
[WhiteElo "1380"]
[BlackElo "1471"]
[PlyCount "113"]
[EventDate "2014.??.??"]

1. c4 d6 2. Nc3 Nf6 3. e4 g6 4. d3 Bg7 5. h3 O-O 6. g4 e5 7. Bg2 Nc6 8. Nge2 a5
9. Ng3 Nd4 10. f4 exf4 11. Bxf4 Ne6 12. Be3 h6 13. Qd2 g5 14. Nf5 c5 15. Nxg7
Kxg7 16. Nd5 Nxd5 17. exd5 Nc7 18. h4 Re8 19. Be4 f6 20. Qe2 Qe7 21. O-O-O f5
22. gxf5 Bxf5 23. hxg5 Bxe4 24. gxh6+ Kh7 25. dxe4 Qxe4 26. Qd3 Na6 27. a3 Re7
28. Bg5 Qxd3 29. Rxd3 Re4 30. b3 Rg4 31. Bd2 b6 32. Rf3 Ra7 33. Rf8 Rg3 34.
Rhf1 Rg8 35. R8f7+ Rxf7 36. Rxf7+ Kg6 37. Ra7 Nb8 38. Kc2 Rh8 39. Rb7 Na6 40.
Rxb6 Nc7 41. Rxd6+ Kf5 42. Rd7 Ne8 43. h7 Nf6 44. Rf7 Rxh7 45. Rxh7 Nxh7 46.
Bxa5 Nf8 47. Bb6 Nd7 48. Ba7 Kf6 49. Kc3 Ke7 50. b4 cxb4+ 51. Kxb4 Kd6 52. Kb5
Kc7 53. c5 Ne5 54. a4 Nd7 55. a5 Kb7 56. c6+ Kxa7 57. cxd7 1-0

[Event "Open Est 2013-2014"]
[Site "Salle Lakanal Aubagne"]
[Date "2014.04.12"]
[Round "8.12"]
[White "Moerenhout, Jean Claude"]
[Black "Cavanihac, Claude"]
[Result "0-1"]
[WhiteElo "1410"]
[BlackElo "1569"]
[PlyCount "85"]
[EventDate "2014.??.??"]

1. d4 Nf6 2. Nf3 d5 3. e3 e6 4. Bd3 Bd6 5. Nbd2 O-O 6. O-O Ne8 7. e4 dxe4 8.
Nxe4 f5 9. Nxd6 cxd6 10. c3 Nc6 11. Re1 Nf6 12. Bc4 d5 13. Bd3 h6 14. Bd2 Qc7
15. h3 Ne4 16. Bc1 a6 17. Nh4 Qf7 18. Bf4 g5 19. Bc1 gxh4 20. Bxh6 Re8 21. Bf4
Qg6 22. Rf1 Kh7 23. Qe1 Rg8 24. g3 hxg3 25. fxg3 Nxg3 26. Bxg3 Qxg3+ 27. Qxg3
Rxg3+ 28. Kh2 Rxd3 29. Rf4 Kg7 30. Rg1+ Kf6 31. Rh4 Ke7 32. Rh7+ Kd6 33. Rg8
Rd2+ 34. Kh1 Rxb2 35. Rhh8 Na7 36. Rd8+ Kc6 37. c4 dxc4 38. d5+ exd5 39. Rh6+
Kc5 40. Rhd6 Rd2 41. a4 c3 42. Rg6 c2 43. Rg1 0-1

[Event "Open Est 2013-2014"]
[Site "Salle Lakanal Aubagne"]
[Date "2014.04.12"]
[Round "8.13"]
[White "Gallo, Nicolas"]
[Black "Roux, Jean-Marie"]
[Result "1-0"]
[WhiteElo "1520"]
[BlackElo "1375"]
[PlyCount "67"]
[EventDate "2014.??.??"]

1. e4 e5 2. Nf3 Nc6 3. d4 exd4 4. Nxd4 Nxd4 5. Qxd4 Ne7 6. Nc3 Nc6 7. Qe3 Be7
8. Bd3 O-O 9. Qg3 Kh8 10. Be3 d6 11. h3 Be6 12. O-O-O a6 13. f4 b5 14. f5 Bc4
15. b3 Bxd3 16. Rxd3 Nb4 17. Rdd1 Nc6 18. Nd5 Bf6 19. Qf3 Be5 20. g4 a5 21. h4
Nb4 22. Kb1 Nxd5 23. exd5 Qd7 24. h5 b4 25. Bd4 Bxd4 26. Rxd4 Qb5 27. g5 a4 28.
g6 axb3 29. cxb3 Qa5 30. Rd2 fxg6 31. hxg6 h6 32. Qf4 Rae8 33. Rxh6+ Kg8 34.
Rh8+ 1-0

[Event "Open Est 2013-2014"]
[Site "Salle Lakanal Aubagne"]
[Date "2014.04.12"]
[Round "8.14"]
[White "Strate, Francois"]
[Black "Leadbetter, Peter"]
[Result "1/2-1/2"]
[WhiteElo "1373"]
[BlackElo "1480"]
[PlyCount "73"]
[EventDate "2014.??.??"]

1. d4 Nf6 2. Nf3 g6 3. Nc3 d5 4. Bf4 Bg7 5. e3 a6 6. Be2 O-O 7. Qd2 Nc6 8. h3
Bf5 9. a3 e6 10. g4 Ne4 11. Qd1 Nxc3 12. bxc3 Be4 13. Bg3 e5 14. O-O Qe8 15.
Nd2 f5 16. f3 f4 17. Bf2 fxe3 18. Bxe3 exd4 19. cxd4 Nxd4 20. fxe4 Nxe2+ 21.
Qxe2 Bxa1 22. Rxa1 dxe4 23. Qc4+ Qf7 24. Rf1 Qxc4 25. Rxf8+ Kxf8 26. Nxc4 Kf7
27. Kf2 Ke6 28. Bf4 b5 29. Nd2 Rf8 30. Ke3 Kd5 31. h4 c5 32. c3 Ra8 33. Nb3 Kc4
34. Na5+ Kxc3 35. Kxe4 Kb2 36. Kd5 c4 37. Nxc4+ {Il y a R d8 coup iréculier}
1/2-1/2

[Event "Open Est 2013-2014"]
[Site "Salle Lakanal Aubagne"]
[Date "2014.04.12"]
[Round "8.17"]
[White "Frontera, Pierre"]
[Black "Autouard, Jean Luc"]
[Result "1-0"]
[WhiteElo "1410"]
[BlackElo "1350"]
[PlyCount "99"]
[EventDate "2014.??.??"]

1. e4 c5 2. c4 Nf6 3. Nc3 e5 4. Nf3 Nc6 5. g3 Be7 6. Bg2 O-O 7. O-O a6 8. h3 d6
9. Nh2 Qc7 10. d3 Bd7 11. a3 Nd4 12. Ne2 b5 13. Nxd4 cxd4 14. b3 Rac8 15. f4
Ne8 16. f5 bxc4 17. bxc4 Qc5 18. g4 Bh4 19. Nf3 Bg3 20. g5 g6 21. f6 Bf4 22. h4
Bg4 23. Qc2 Rb8 24. Bxf4 exf4 25. Nh2 Qc8 26. Rxf4 Bh3 27. Bf3 Qc7 28. Bg4 Bxg4
29. Nxg4 Qa5 30. Nh6+ Kh8 31. Qd1 Nc7 32. Rf2 Ne6 33. Rb1 Rbe8 34. Rb7 Nxg5 35.
Qg4 Qe1+ 36. Kg2 Nxe4 37. dxe4 Rxe4 38. Qg3 Re5 39. Nxf7+ Kg8 40. Nh6+ Kh8 41.
Nf7+ Kg8 42. Nxe5 Qe4+ 43. Kh2 Qxb7 44. Ng4 Qd7 45. Nh6+ Kh8 46. h5 Qe6 47.
hxg6 hxg6 48. Qxg6 Qe5+ 49. Kg2 Qe8 50. Qg7# 1-0

[Event "Open Est 2013-2014"]
[Site "Salle Lakanal Aubagne"]
[Date "2014.04.12"]
[Round "8.18"]
[White "Gomez, Guy"]
[Black "Benezra, Esther"]
[Result "0-1"]
[WhiteElo "1652"]
[BlackElo "1470"]
[PlyCount "99"]
[EventDate "2014.??.??"]

1. e4 c5 2. Nf3 e6 3. d4 cxd4 4. Nxd4 a6 5. Be3 b5 6. Nc3 Bb7 7. f3 Qc7 8. Qd2
Bc5 9. O-O-O Nf6 10. g4 b4 11. Na4 d6 12. Nxc5 dxc5 13. Nb3 Nbd7 14. Qd6 Rc8
15. Qxc7 Rxc7 16. Na5 O-O 17. Nxb7 Rxb7 18. g5 Nh5 19. Bxa6 Rc7 20. Kb1 Ne5 21.
Be2 Ng6 22. Rd6 Nhf4 23. Bc4 h5 24. gxh6 gxh6 25. Rg1 Kh7 26. h4 Nh5 27. Ra6
Ne5 28. Bxe6 fxe6 29. Rxe6 Nf7 30. Rgg6 Rg8 31. Rxh6+ Nxh6 32. Rxh6+ Kg7 33.
Rxh5 Rf7 34. Rg5+ Kh7 35. f4 c4 36. f5 Re7 37. Rh5+ Kg7 38. f6+ Kxf6 39. Bg5+
Ke6 40. a4 b3 41. cxb3 cxb3 42. a5 Ra7 43. Bc1 Rc7 44. Rg5 Rd8 45. Rg1 Rh8 46.
Bg5 Rc5 47. Rg3 Rb8 48. Rf3 Rxa5 49. Rf6+ Kd7 50. Rf1 0-1

[Event "Open Est 2013-2014"]
[Site "Salle Lakanal Aubagne"]
[Date "2014.04.12"]
[Round "8.19"]
[White "Alquier, Matthieu"]
[Black "Konate, Salma"]
[Result "1-0"]
[WhiteElo "1599"]
[BlackElo "1356"]
[PlyCount "81"]
[EventDate "2014.??.??"]

1. d4 d5 2. Nf3 Nf6 3. Bf4 e6 4. Nbd2 Bd6 5. Bxd6 Qxd6 6. e3 O-O 7. Bd3 Nc6 8.
O-O e5 9. dxe5 Nxe5 10. Nxe5 Qxe5 11. c3 Ng4 12. Nf3 Qe6 13. Bxh7+ Kh8 14. Qc2
g6 15. Rad1 Qd6 16. h3 Ne5 17. Nxe5 Qxe5 18. Bxg6 fxg6 19. Qxg6 Qg7 20. Qh5+
Qh7 21. Rxd5 Qxh5 22. Rxh5+ Kg7 23. e4 Re8 24. e5 Be6 25. f4 Bxa2 26. f5 Rad8
27. f6+ Kg6 28. Rhf5 Bc4 29. R1f2 Rd1+ 30. Kh2 Re1 31. f7 Bxf7 32. Rxf7 R1xe5
33. R2f6+ Kg5 34. h4+ Kxh4 35. Rg6 Kh5 36. Rfg7 Rh8 37. Kh3 Re3+ 38. g3 a5 39.
Rg5+ Kh6 40. Kg4 b5 41. R5g6# 1-0

[Event "Open Est 2013-2014"]
[Site "Salle Lakanal Aubagne"]
[Date "2014.04.12"]
[Round "8.20"]
[White "Cotton, Paul"]
[Black "Besucco, Guy"]
[Result "1-0"]
[WhiteElo "1400"]
[BlackElo "1470"]
[PlyCount "101"]
[EventDate "2014.??.??"]

1. Nf3 f5 2. c4 Nf6 3. Nc3 e6 4. g3 d5 5. cxd5 exd5 6. Bg2 c6 7. e3 Nbd7 8. O-O
Bd6 9. a3 O-O 10. b4 Ne4 11. Bb2 Ndf6 12. d3 Nxc3 13. Bxc3 Bd7 14. Qd2 Be8 15.
Nd4 Qd7 16. Qb2 Bh5 17. Rac1 h6 18. Bh3 Bg4 19. Bg2 Kh7 20. Rc2 Rae8 21. Nf3
Bxf3 22. Bxf3 Qf7 23. Bd4 Bb8 24. Rfc1 g5 25. b5 f4 26. bxc6 fxg3 27. hxg3 Rc8
28. Bxf6 Qxf6 29. Qxf6 Rxf6 30. Bxd5 Rd6 31. e4 Rc7 32. cxb7 Rdd7 33. Rxc7 Rxc7
34. Rxc7+ Bxc7 35. Kg2 Kg6 36. Kf3 Kf6 37. Kg4 Ke5 38. Kh5 Kd4 39. Bc4 Kc3 40.
Kxh6 Kb2 41. a4 Ka3 42. a5 Kb4 43. a6 Kc5 44. Kxg5 Kd6 45. Kf5 Ke7 46. Kg6 Kd6
47. g4 Ke5 48. Kg5 Kd6 49. f4 Ke7 50. f5 Kf8 51. Kg6 1-0

[Event "Open Est 2013-2014"]
[Site "Salle Lakanal Aubagne"]
[Date "2014.04.12"]
[Round "8.21"]
[White "Mallet, Philippe"]
[Black "Benezra, Silke"]
[Result "0-1"]
[WhiteElo "1330"]
[BlackElo "1420"]
[PlyCount "84"]
[EventDate "2014.??.??"]

1. Nf3 c5 2. b3 d5 3. e3 Nf6 4. Bb2 e6 5. Ne5 Nbd7 6. Qf3 Nxe5 7. Bxe5 Bd6 8.
Bb5+ Bd7 9. Bxd7+ Kxd7 10. Bxd6 Kxd6 11. Nc3 Qd7 12. a4 a6 13. O-O Qc6 14. Qg3+
Ke7 15. Ne2 Qd6 16. Qxd6+ Kxd6 17. d3 g5 18. f3 h5 19. c4 Ke7 20. d4 b6 21.
dxc5 bxc5 22. Rfd1 Rab8 23. Rab1 Rb4 24. Nc3 dxc4 25. bxc4 Rd8 26. Rxb4 cxb4
27. Rxd8 Kxd8 28. Nb1 Kc7 29. a5 Kc6 30. Nd2 Ne8 31. Kf1 Nd6 32. Ke1 Kc5 33.
Kd1 f5 34. Kc2 Nxc4 35. Nxc4 Kxc4 36. h3 h4 37. f4 gxf4 38. exf4 Kb5 39. Kb3
Kxa5 40. Kb2 Ka4 41. Ka2 b3+ 42. Kb2 Kb4 0-1

[Event "Open Est 2013-2014"]
[Site "Salle Lakanal Aubagne"]
[Date "2014.04.12"]
[Round "8.22"]
[White "Rocchia, Alex"]
[Black "Blanc, Maxime"]
[Result "0-1"]
[WhiteElo "1499"]
[BlackElo "1199"]
[PlyCount "90"]
[EventDate "2014.??.??"]

1. e4 c5 2. c4 Nc6 3. Nc3 d6 4. g3 g6 5. Bg2 Bg7 6. Nge2 Nf6 7. O-O O-O 8. d3
Bd7 9. h3 a6 10. Rb1 Nd4 11. Be3 Nxe2+ 12. Nxe2 b5 13. e5 Ra7 14. exf6 Bxf6 15.
b3 Qc8 16. g4 h5 17. g5 Be5 18. f4 Bg7 19. Kh2 e5 20. Rf2 exf4 21. Bxf4 Be5 22.
Bxe5 dxe5 23. Qd2 Rd8 24. Ng3 h4 25. Ne4 Bf5 26. Nf6+ Kg7 27. Qc3 Qb8 28. Ne4
Bxe4 29. Bxe4 b4 30. Qd2 Rad7 31. Rf3 Rd4 32. Qe3 Rxd3 33. Bxd3 Rxd3 34. Qxd3
e4+ 35. Kg2 exd3 36. Rbf1 Qb7 37. R1f2 Qe7 38. Rxf7+ Qxf7 39. Rxf7+ Kxf7 40.
Kf1 Ke6 41. Ke1 Kf5 42. Kd2 Ke4 43. Ke1 Ke3 44. Kd1 d2 45. Kc2 Ke2 0-1

[Event "Open Est 2013-2014"]
[Site "Salle Lakanal Aubagne"]
[Date "2014.04.12"]
[Round "8.23"]
[White "Garbe, Georges"]
[Black "San-Nicolas, Robert"]
[Result "0-1"]
[WhiteElo "1280"]
[BlackElo "1600"]
[PlyCount "80"]
[EventDate "2014.??.??"]

1. c4 g6 2. Nc3 Bg7 3. d3 c5 4. g3 Nc6 5. Bg2 Nf6 6. Nf3 e6 7. O-O O-O 8. Bd2
d5 9. Bf4 Nh5 10. Qd2 Nxf4 11. Qxf4 e5 12. Qd2 d4 13. Nd5 Be6 14. Ne1 Rb8 15.
Nc2 b5 16. b3 Ne7 17. Nxe7+ Qxe7 18. Rab1 f5 19. h4 f4 20. Ne1 bxc4 21. dxc4
Bf5 22. Bd5+ Kh8 23. Rb2 Bh3 24. Bg2 Bxg2 25. Kxg2 Bh6 26. Qd3 e4 27. Qc2 fxg3
28. f3 Qxh4 29. Rh1 exf3+ 30. Nxf3 Qf4 31. Qd2 Qxd2 32. Rxd2 Bxd2 33. Nxd2 Rf2+
34. Kxg3 Rxe2 35. Rh2 Rbe8 36. Rxe2 Rxe2 37. Nf3 d3 38. Ng1 Rxa2 39. Nf3 d2 40.
Nxd2 Rxd2 0-1

[Event "Open Est 2013-2014"]
[Site "Salle Lakanal Aubagne"]
[Date "2014.04.12"]
[Round "8.24"]
[White "Masson, Wally"]
[Black "Yahia-Amar, Hocine"]
[Result "1-0"]
[WhiteElo "1343"]
[BlackElo "1499"]
[PlyCount "72"]
[EventDate "2014.??.??"]

1. e4 e5 2. Nf3 Nc6 3. d4 Bb4+ 4. Bd2 d6 5. Bxb4 Nxb4 6. dxe5 d5 7. exd5 Qxd5
8. Qxd5 Nxd5 9. Nbd2 Bf5 10. O-O-O Nb4 11. Nd4 Nxa2+ 12. Kb1 Be6 13. Nxe6 fxe6
14. Kxa2 O-O-O 15. Bc4 Re8 16. f4 Ne7 17. Bxe6+ Kb8 18. Nb3 Rhf8 19. Rd4 Nf5
20. Bxf5 Rxf5 21. Rhd1 a6 22. Rd8+ Rxd8 23. Rxd8+ Ka7 24. g3 g5 25. e6 gxf4 26.
gxf4 Rxf4 27. e7 Ra4+ 28. Kb1 Re4 29. e8=Q Rxe8 30. Rxe8 b5 31. Re7 Kb6 32.
Re6+ c6 33. Nd4 Kc5 34. Nxc6 Kd5 35. Rh6 Kc4 36. Na5+ Kd4 1-0

[Event "Open Est 2013-2014"]
[Site "Salle Lakanal Aubagne"]
[Date "2014.04.12"]
[Round "8.25"]
[White "Pegon, Claude"]
[Black "Kallenberg, Hardi"]
[Result "0-1"]
[WhiteElo "1220"]
[BlackElo "1470"]
[PlyCount "48"]
[EventDate "2014.??.??"]

1. c4 e5 2. Nc3 Nf6 3. g3 d5 4. cxd5 Nxd5 5. Qc2 Nb4 6. Qe4 N8c6 7. a3 f5 8.
Qc4 Nc2+ 9. Kd1 Nxa1 10. Qa2 Bc5 11. e3 Qe7 12. Qxa1 O-O 13. Bg2 e4 14. Nge2
Be6 15. b4 Bd6 16. Nf4 Bxf4 17. gxf4 Rad8 18. f3 Qh4 19. fxe4 Qf2 20. Qb2 Qxg2
21. Re1 fxe4 22. Ne2 Bg4 23. Rg1 Qxe2+ 24. Kc2 Qd3# 0-1

[Event "Open Est 2013-2014"]
[Site "Salle Lakanal Aubagne"]
[Date "2014.04.12"]
[Round "8.26"]
[White "Gamblin, Vincent"]
[Black "Pouliquen, Gilbert"]
[Result "0-1"]
[WhiteElo "1456"]
[BlackElo "1290"]
[PlyCount "62"]
[EventDate "2014.??.??"]

1. e4 c5 2. Nf3 Nc6 3. d4 cxd4 4. Nxd4 Nf6 5. Nc3 e6 6. Nxc6 bxc6 7. Bd3 Bb4 8.
Bd2 O-O 9. e5 Nd5 10. Nxd5 Bxd2+ 11. Qxd2 cxd5 12. h4 h5 13. O-O-O a5 14. Be2
f6 15. Bxh5 fxe5 16. f3 Qf6 17. Rde1 a4 18. a3 Bb7 19. Qg5 d6 20. Qxf6 Rxf6 21.
Bg4 e4 22. c3 e5 23. fxe4 dxe4 24. Rhf1 Raf8 25. Rxf6 Rxf6 26. Bd1 Bc6 27. g3
d5 28. Re3 d4 29. cxd4 exd4 30. Re2 d3 31. b3 Rf1 0-1

[Event "Open Est 2013-2014"]
[Site "Salle Lakanal Aubagne"]
[Date "2014.04.12"]
[Round "8.27"]
[White "Mineo, Francois"]
[Black "Evanno, Georges"]
[Result "0-1"]
[WhiteElo "1280"]
[BlackElo "1370"]
[PlyCount "78"]
[EventDate "2014.??.??"]

1. e4 e5 2. Nf3 d6 3. Bc4 h6 4. Nc3 c6 5. O-O Bg4 6. h3 Bh5 7. Be2 Nf6 8. d4
Nbd7 9. dxe5 Bxf3 10. Bxf3 Nxe5 11. Bf4 Nfd7 12. Bg4 Nf6 13. Bxe5 Nxg4 14. hxg4
dxe5 15. Qxd8+ Rxd8 16. Rad1 Be7 17. Na4 O-O 18. Rxd8 Rxd8 19. f3 b5 20. Nc3 a5
21. b3 Bb4 22. Ne2 f6 23. Ng3 g6 24. Nh1 Bc5+ 25. Kh2 Kf7 26. Nf2 Bb6 27. g3
Rd2 28. Kg1 Rxc2 29. a4 b4 30. f4 Ke6 31. f5+ Kf7 32. Kg2 g5 33. Kf3 Rc3+ 34.
Ke2 Re3+ 35. Kd1 Rxb3 36. Nh1 Rb1+ 37. Ke2 Rb2+ 38. Kd3 Ra2 39. Kc4 Ra3 0-1

[Event "Open Est 2013-2014"]
[Site "Salle Lakanal Aubagne"]
[Date "2014.04.12"]
[Round "8.29"]
[White "Yahia Amar, Clement"]
[Black "Benezra, Ruthy"]
[Result "0-1"]
[WhiteElo "1250"]
[BlackElo "1301"]
[PlyCount "36"]
[EventDate "2014.??.??"]

1. e4 c5 2. Nf3 Nc6 3. Bc4 e6 4. Nc3 g6 5. d3 Bg7 6. a3 Nge7 7. Bg5 Qa5 8. Qd2
Nd4 9. Bxe7 Nxf3+ 10. gxf3 Kxe7 11. O-O a6 12. Rfd1 b5 13. Bb3 Rd8 14. Kh1 Bb7
15. Qe3 Rac8 16. Qf4 d6 17. Qh4+ Bf6 18. Qxh7 Rh8 0-1

[Event "Open Est 2013-2014"]
[Site "Salle Lakanal Aubagne"]
[Date "2014.04.12"]
[Round "8.30"]
[White "Bauden, Thomas"]
[Black "Huette, Iva"]
[Result "1-0"]
[WhiteElo "1290"]
[BlackElo "1099"]
[PlyCount "71"]
[EventDate "2014.??.??"]

1. d4 d5 2. c4 Nf6 3. e3 Nc6 4. cxd5 Nxd5 5. Nf3 Bg4 6. Bd2 e5 7. h3 Bxf3 8.
Qxf3 exd4 9. exd4 Nxd4 10. Qe4+ Be7 11. Qxd4 c5 12. Qe4 Nf6 13. Qxb7 Bd6 14.
Bc3 Nd7 15. Bb5 Qe7+ 16. Be2 Kf8 17. Qxa8+ Nb8 18. Qf3 Ke8 19. Bxg7 Rg8 20. Bc3
Na6 21. Qc6+ Kd8 22. Qxa6 Re8 23. Nd2 Qe6 24. Rd1 c4 25. Qxc4 Qxc4 26. Nxc4 Re4
27. Rxd6+ Kc7 28. b4 f5 29. Rd4 Rxd4 30. Bxd4 Kc6 31. O-O Kb5 32. a3 Ka4 33.
Bd1+ Kb5 34. Nd6+ Kc6 35. Nxf5 Kd5 36. Bb3+ 1-0

[Event "Open Est 2013-2014"]
[Site "Salle Lakanal Aubagne"]
[Date "2014.04.12"]
[Round "8.31"]
[White "Periale, Francine"]
[Black "Pietrac, Christian"]
[Result "0-1"]
[WhiteElo "1050"]
[BlackElo "1253"]
[PlyCount "58"]
[EventDate "2014.??.??"]

1. d4 d5 2. Nf3 c5 3. e3 Nf6 4. Nbd2 b6 5. b3 g6 6. Bb2 Bg7 7. Be2 a5 8. a4 O-O
9. O-O Nc6 10. dxc5 bxc5 11. Bd3 Ba6 12. c4 Nb4 13. Bb1 Re8 14. Re1 Bc8 15. e4
d4 16. e5 Nh5 17. Ne4 Qc7 18. Neg5 f6 19. Ne4 fxe5 20. Bc1 Rf8 21. Bg5 h6 22.
Qd2 Nf4 23. Bh4 Bg4 24. Neg5 hxg5 25. Bxg5 Bxf3 26. gxf3 Nh3+ 27. Kg2 Qd7 28.
Re4 Nf4+ 29. Kg3 Qh3# 0-1

[Event "Open Est 2013-2014"]
[Site "Salle Lakanal Aubagne"]
[Date "2014.04.12"]
[Round "8.33"]
[White "Lognos, Lina"]
[Black "Turpin, Isabelle"]
[Result "0-1"]
[WhiteElo "1188"]
[BlackElo "1330"]
[PlyCount "40"]
[EventDate "2014.??.??"]

1. c4 c5 2. d3 d6 3. g3 Nf6 4. Bg2 d5 5. Nc3 d4 6. Bg5 dxc3 7. Bxf6 exf6 8.
bxc3 Bd6 9. Rb1 Nc6 10. d4 cxd4 11. cxd4 Rb8 12. Nf3 Qa5+ 13. Nd2 Nxd4 14. Ra1
O-O 15. O-O b5 16. e3 Nf5 17. Ne4 Be5 18. Rb1 Ba6 19. Qc2 bxc4 20. Qxc4 Bxc4
0-1

[Event "Open Est 2013-2014"]
[Site "Salle Lakanal Aubagne"]
[Date "2014.04.12"]
[Round "8.34"]
[White "Gousseau, Michel"]
[Black "Danthier, Christophe"]
[Result "1-0"]
[WhiteElo "1120"]
[BlackElo "1499"]
[PlyCount "61"]
[EventDate "2014.??.??"]

1. d4 d5 2. Nf3 e6 3. e3 Nf6 4. Bd3 Bb4+ 5. c3 Bd6 6. O-O Ng4 7. g3 g6 8. Nh4
e5 9. Nd2 exd4 10. exd4 Bf4 11. Re1+ Be6 12. Ndf3 Bxc1 13. Qxc1 O-O 14. Ng5 h6
15. Nxe6 fxe6 16. Rxe6 g5 17. Rg6+ Kh8 18. Nf5 Rg8 19. Rxh6+ Nxh6 20. Nxh6 Rf8
21. Qe3 Nc6 22. a3 Qe7 23. Qd2 Rae8 24. Re1 Qf6 25. Ng4 Rxe1+ 26. Qxe1 Qf3 27.
Be2 Qe4 28. f3 Rxf3 29. Nf2 Rxg3+ 30. hxg3 Qc2 31. b4 1-0

[Event "Open Est 2013-2014"]
[Site "Salle Lakanal Aubagne"]
[Date "2014.04.12"]
[Round "8.35"]
[White "Perez, Laurent"]
[Black "Monteil, Marie-Joseph"]
[Result "0-1"]
[WhiteElo "1099"]
[BlackElo "1260"]
[PlyCount "88"]
[EventDate "2014.??.??"]

1. e4 c5 2. Nf3 d6 3. d4 cxd4 4. Nxd4 Nf6 5. Bb5+ Bd7 6. Nc3 g6 7. Bf4 e5 8.
Be3 exd4 9. Bxd4 Bxb5 10. Nxb5 Bg7 11. e5 Nh5 12. Nxd6+ Kf8 13. Nxb7 Qc7 14.
Bc5+ Kg8 15. Qd8+ Qxd8 16. Nxd8 Nd7 17. Bb4 Rxd8 18. Ba5 Re8 19. O-O-O Nxe5 20.
Rd8 Rxd8 21. Bxd8 Nf4 22. Rd1 Ne2+ 23. Kb1 Nc6 24. Bc7 Ned4 25. Re1 Bf6 26. c3
Ne6 27. Bd6 Kg7 28. b4 Rc8 29. Rc1 Bg5 30. Rc2 h5 31. a4 Rd8 32. Bg3 h4 33.
Bxh4 Bxh4 34. g3 Be7 35. b5 Rb8 36. c4 Nc5 37. Ra2 Nb4 38. Re2 Bf6 39. h4 Nxa4
40. Kc1 Rc8 41. Re4 Nc3 42. Kd2 Nxe4+ 43. Ke3 Rxc4 44. f3 Nxg3 0-1

[Event "Open Est 2013-2014"]
[Site "Salle Lakanal Aubagne"]
[Date "2014.04.12"]
[Round "8.36"]
[White "Graccione, Angele"]
[Black "Morata, Serge"]
[Result "0-1"]
[WhiteElo "1060"]
[BlackElo "1260"]
[PlyCount "38"]
[EventDate "2014.??.??"]

1. e4 d6 2. Nf3 Bg4 3. Be2 Nf6 4. Nc3 Nbd7 5. h3 Bxf3 6. Bxf3 e5 7. d3 Be7 8.
Be3 O-O 9. Qd2 Re8 10. O-O-O Bf8 11. a3 c6 12. d4 b5 13. d5 c5 14. Nxb5 a6 15.
Nc3 Rb8 16. Na4 Nb6 17. b3 Nxa4 18. bxa4 Qb6 19. c4 Qb1# 0-1

[Event "Open Est 2013-2014"]
[Site "Salle Lakanal Aubagne"]
[Date "2014.04.12"]
[Round "8.37"]
[White "Gianfranceschi, Gerard"]
[Black "Ralijaona, Gabriela"]
[Result "0-1"]
[WhiteElo "1010"]
[BlackElo "1230"]
[PlyCount "24"]
[EventDate "2014.??.??"]

1. e4 e5 2. Nf3 Nc6 3. c3 Nf6 4. d4 exd4 5. cxd4 Nxe4 6. g4 Qe7 7. a3 Nc3+ 8.
Kd2 Nxd1 9. Kxd1 d6 10. d5 Bxg4 11. Bg2 Nd4 12. Nbd2 Qe2# 0-1

[Event "Open Est 2013-2014"]
[Site "Salle Lakanal Aubagne"]
[Date "2014.04.12"]
[Round "8.38"]
[White "Herbulot, Thomas"]
[Black "Chikha, Zakaria"]
[Result "0-1"]
[WhiteElo "1009"]
[BlackElo "1199"]
[PlyCount "92"]
[EventDate "2014.??.??"]

1. e4 e5 2. Nf3 Nc6 3. Bc4 Nf6 4. d3 d5 5. exd5 Nxd5 6. O-O Bg4 7. Re1 Bxf3 8.
Qxf3 Nd4 9. Qxd5 Qxd5 10. Bxd5 Nxc2 11. Rxe5+ Be7 12. Bxb7 Rd8 13. Bc6+ Kf8 14.
Bg5 Bxg5 15. Rxg5 Nxa1 16. Rd5 Rxd5 17. Bxd5 Ke7 18. Nc3 Rd8 19. Kf1 c6 20. Be4
Nc2 21. Bxh7 g6 22. Ne4 Rh8 23. Ng5 f6 24. Bxg6 fxg5 25. Ke2 Rxh2 26. Kd2 Nd4
27. Be4 Rh1 28. Bxc6 Rf1 29. a3 Rb1 30. b4 Ra1 31. Bd5 Rxa3 32. Ke3 Nc2+ 33.
Ke4 Nxb4 34. Kd4 Nxd5 35. Kxd5 Rxd3+ 36. Ke4 Rd8 37. f4 gxf4 38. Kxf4 a5 39. g4
a4 40. Kf5 a3 41. g5 a2 42. g6 a1=Q 43. Kg5 Qe5+ 44. Kg4 Rd4+ 45. Kf3 Rf4+ 46.
Kg3 Qg5+ 0-1

[Event "Open Est 2013-2014"]
[Site "Salle Lakanal Aubagne"]
[Date "2014.04.12"]
[Round "8.39"]
[White "Renoulet, Francoise"]
[Black "Catanese, Sauveur"]
[Result "0-1"]
[WhiteElo "1499"]
[BlackElo "1180"]
[PlyCount "58"]
[EventDate "2014.??.??"]

1. c4 Nf6 2. Nc3 g6 3. d3 Bg7 4. Nf3 c5 5. g3 O-O 6. Bg2 d5 7. O-O d4 8. Na4 b6
9. Bd2 Bb7 10. a3 Nc6 11. Ne1 Rb8 12. Nc2 e5 13. b4 Nd7 14. b5 Ne7 15. Bg5 Re8
16. Qd2 h6 17. Bh4 g5 18. Bxg5 hxg5 19. Qxg5 Bxg2 20. Rfe1 Bb7 21. Qg4 Bc8 22.
Nb2 Nf8 23. a4 Bxg4 24. a5 Bh3 25. axb6 axb6 26. Ra6 Ra8 27. Na4 Rxa6 28. bxa6
Qa8 29. Ra1 Qg2# 0-1

[Event "Open Est 2013-2014"]
[Site "Salle Lakanal Aubagne"]
[Date "2014.04.12"]
[Round "8.40"]
[White "Yahia Amar, Mathieu"]
[Black "Campion, Nathan"]
[Result "0-1"]
[WhiteElo "1250"]
[BlackElo "1199"]
[PlyCount "56"]
[EventDate "2014.??.??"]

1. d4 b6 2. e4 Bb7 3. Nc3 e6 4. Bf4 Bb4 5. Nf3 Bxc3+ 6. bxc3 Bxe4 7. Bc4 Bb7 8.
O-O Nf6 9. Be5 O-O 10. Bxf6 Qxf6 11. Qe1 Bxf3 12. gxf3 Qxf3 13. Be2 Qd5 14. Bd3
c5 15. Qe4 Qg5+ 16. Kh1 Qd5 17. f3 Qxe4 18. Bxe4 d5 19. Bd3 c4 20. Be2 Na6 21.
Rg1 Nc7 22. Rg2 Nb5 23. Rag1 g6 24. f4 f5 25. Bh5 Rf6 26. a4 Nxc3 27. Rg3 Nxa4
28. Ra1 b5 0-1